Pozícia krajín V4 v rámci EÚ bakalárska práca

Saved in:
Bibliographic Details
Main Author: Gálová, Veronika
Corporate Author: Národohospodárska fakulta EU. Katedra hospodárskej politiky
Other Authors: Karabínoš, Stanislav
Format: Book
Language:Slovak
Published: Bratislava 2012
Tags: Add Tag
No Tags, Be the first to tag this record!

MARC

LEADER 00000nbm a2200000 4500
001 0155760
005 20161109111914.3
041 0 |a slo 
044 |a SK 
245 1 0 |a Pozícia krajín V4 v rámci EÚ  |b bakalárska práca  |c Veronika Gálová ; školiteľ: Stanislav Karabínoš 
264 1 |a Bratislava  |c 2012 
300 |a 49 s. 
100 1 |a Gálová, Veronika 
700 1 |a Karabínoš, Stanislav 
710 2 |a Národohospodárska fakulta EU. Katedra hospodárskej politiky